<?xml version="1.0" encoding="UTF-8"?>
<collection xmlns="http://www.loc.gov/MARC21/slim">
 <record>
  <leader>00768pamaa2200217   4500</leader>
  <controlfield tag="001">0000051842</controlfield>
  <controlfield tag="005">20131119090000.0</controlfield>
  <controlfield tag="008">131119s2013                             eng  </controlfield>
  <datafield tag="020" ind1="0" ind2="0">
   <subfield code="a">9781437725438 (pbk.) </subfield>
  </datafield>
  <datafield tag="090" ind1="0" ind2="0">
   <subfield code="a">RM701 </subfield>
   <subfield code="b">GOO 2013</subfield>
  </datafield>
  <datafield tag="100" ind1="1" ind2="0">
   <subfield code="a">Goodman </subfield>
  </datafield>
  <datafield tag="245" ind1="1" ind2="0">
   <subfield code="a">Differential diagnosis for physical therapists : </subfield>
   <subfield code="b">screening for referral  </subfield>
   <subfield code="c">Catherine Cavallaro Goodman, Teresa E. Kelly Snyder.</subfield>
  </datafield>
  <datafield tag="250" ind1="0" ind2="0">
   <subfield code="a">5th ed.</subfield>
  </datafield>
  <datafield tag="260" ind1="0" ind2="0">
   <subfield code="a">St. Louis, Mo.: </subfield>
   <subfield code="b">Saunders/Elsevier, </subfield>
   <subfield code="c">2013.</subfield>
  </datafield>
  <datafield tag="300" ind1=" " ind2=" ">
   <subfield code="a">xxv, 911 p.: </subfield>
   <subfield code="b">ill.; </subfield>
   <subfield code="c">28 cm.</subfield>
  </datafield>
  <datafield tag="501" ind1="0" ind2="0">
   <subfield code="a">BPHTI</subfield>
  </datafield>
  <datafield tag="504" ind1="0" ind2="0">
   <subfield code="a">Includes bibliographical references and index</subfield>
  </datafield>
  <datafield tag="650" ind1="0" ind2="0">
   <subfield code="a">Physical Therapy Modalities </subfield>
  </datafield>
  <datafield tag="650" ind1="0" ind2="0">
   <subfield code="a">Diagnosis, Differential </subfield>
  </datafield>
  <datafield tag="700" ind1="1" ind2="1">
   <subfield code="a">Snyder, </subfield>
   <subfield code="h">Teresa E. Kelly </subfield>
  </datafield>
  <datafield tag="901" ind1=" " ind2=" ">
   <subfield code="u">http://www.elsevierhealth.com</subfield>
  </datafield>
 </record>
</collection>
